Happy Birthday - Sudden Death - Statistics

General Stats
  • This quiz has been taken 3,408 times
  • The average score is 4 of 15
Answers on the Grid
Answers color-coded by a green-red scale on the quiz's grid according to % correct below.
Alles Gute zum Geburtstag
Barka da ranar haihuwa
Boldog születésnapot
Bonne grossesse
Buon compleanno
C̄hạn pĕn bı̂
Feliz cumpleaños
Gelukkige verjaardag
Grattis på födelsedagen
Häid jõule
Happy Birthday
Heri njema ya mwaka mpyaa
İyi ki doğdun
Kotópoulo kai sélino
Maligayang kaarawan
Merry Christmas
Otanjoubi omedetou gozaimasu
Paște Fericit
Rojdestvo quttı bolsın
S dnem ​​rozhdeniya
Saeng il chughahaeyo
Srećan Božić
Šťastný nový rok
Til hamingju með afmælið
Tôi thật ngu ngốc
Törsön ödriin mend
Wesołych Świąt
Yangi Yil muborak
 
Answer Stats
Answer % Correct
Happy Birthday
75%
Feliz cumpleaños
67%
Buon compleanno
54%
Alles Gute zum Geburtstag
48%
Grattis på födelsedagen
21%
Gelukkige verjaardag
19%
Boldog születésnapot
11%
Saeng il chughahaeyo
11%
İyi ki doğdun
9%
Otanjoubi omedetou gozaimasu
9%
S dnem ​​rozhdeniya
9%
Barka da ranar haihuwa
7%
Maligayang kaarawan
5%
Til hamingju með afmælið
4%
Törsön ödriin mend
4%
No matching quizzes found
Score Distribution
Percent of People with Each Score
Percentile by Number Answered
Your Score History
You have not taken this quiz